[Event "Teplice op 10th"]
[Site "Teplice"]
[Date "2015.06.18"]
[Round "6"]
[White "Piskac, Marek"]
[Black "Korinek, Bohuslav"]
[Result "1/2-1/2"]
[WhiteElo "1551"]
[BlackElo "1822"]
[PlyCount "65"]
[EventDate "2015.06.13"]
[EventType "swiss"]
[EventRounds "9"]
[EventCountry "CZE"]
[SourceTitle "EXT 2017"]
[Source "ChessBase"]
[SourceDate "2016.10.25"]
[SourceVersion "1"]
[SourceVersionDate "2016.10.25"]
[SourceQuality "1"]

1. e4 e6 2. d4 d5 3. exd5 exd5 4. Bd3 Bd6 5. Nc3 c6 6. Nge2 Ne7 7. 0-0 Bf5 8. Bf4 Qc7 9. Bg3 0-0 10. Re1 Nd7 11. Bxd6 Qxd6 12. Ng3 Bxd3 13. Qxd3 Rfe8 14. Re2 Ng6 15. Rae1 Rxe2 16. Qxe2 Qf6 17. Qg4 Ndf8 18. Nh5 Qh4 19. Qxh4 Nxh4 20. Re7 Nf5 21. Rxb7 Nxd4 22. Kf1 Nfe6 23. Ng3 Nxc2 24. Nf5 d4 25. Ne4 d3 26. Ne7+ Kf8 27. Nxc6 Rc8 28. Rb8 Rxb8 29. Nxb8 f5 30. Nd2 Nc5 31. Nc6 a6 32. Ne5 Ke7 33. Nec4 1/2-1/2

[Event "Teplice op 10th"]
[Site "Teplice"]
[Date "2015.06.15"]
[Round "3"]
[White "Folta, Jaroslav"]
[Black "Piskac, Marek"]
[Result "0-1"]
[WhiteElo "1823"]
[BlackElo "1551"]
[PlyCount "126"]
[EventDate "2015.06.13"]
[EventType "swiss"]
[EventRounds "9"]
[EventCountry "CZE"]
[SourceTitle "EXT 2017"]
[Source "ChessBase"]
[SourceDate "2016.10.25"]
[SourceVersion "1"]
[SourceVersionDate "2016.10.25"]
[SourceQuality "1"]

1. d4 d5 2. Nf3 Nf6 3. Bg5 e6 4. e3 Nbd7 5. Be2 Bd6 6. Nbd2 h6 7. Bh4 0-0 8. 0-0 c5 9. c3 a6 10. Rc1 b5 11. Bd3 Qc7 12. Re1 Bb7 13. Nf1 Rac8 14. Bb1 Ne4 15. Bxe4 dxe4 16. N3d2 Qb8 17. Bg3 Rfd8 18. Qg4 Nf6 19. Qh4 b4 20. Bxd6 Qxd6 21. Ng3 bxc3 22. bxc3 cxd4 23. cxd4 Rc7 24. Rxc7 Qxc7 25. Ndxe4 Nxe4 26. Nxe4 Qa5 27. f3 Bxe4 28. fxe4 Rc8 29. Rf1 Qxa2 30. Qf4 Rf8 31. h4 a5 32. Rf3 Qe2 33. Rg3 Qh5 34. e5 Kh8 35. Rf3 Qg6 36. e4 a4 37. g4 Kg8 38. Ra3 Ra8 39. h5 Qg5 40. Qxg5 hxg5 41. Kf2 Kh7 42. Ke3 g6 43. hxg6+ Kxg6 44. d5 exd5 45. exd5 Kg7 46. Ke4 Ra5 47. d6 Kf8 48. Kf5 Ke8 49. Kf6 Kd7 50. Rf3 a3 51. Kxf7 a2 52. e6+ Kxd6 53. e7 a1Q 54. e8Q Ra7+ 55. Kg6 Qg7+ 56. Kh5 Qh7+ 57. Kxg5 Rg7+ 58. Kf4 Qh2+ 59. Rg3 Qf2+ 60. Rf3 Qd4+ 61. Kg3 Qg1+ 62. Kf4 Qxg4+ 63. Ke3 Re7+ 0-1

[Event "Teplice op 10th"]
[Site "Teplice"]
[Date "2015.06.14"]
[Round "2"]
[White "Piskac, Marek"]
[Black "Oglaza, Oskar"]
[Result "0-1"]
[WhiteElo "1551"]
[BlackElo "1917"]
[PlyCount "52"]
[EventDate "2015.06.13"]
[EventType "swiss"]
[EventRounds "9"]
[EventCountry "CZE"]
[SourceTitle "EXT 2017"]
[Source "ChessBase"]
[SourceDate "2016.10.25"]
[SourceVersion "1"]
[SourceVersionDate "2016.10.25"]
[SourceQuality "1"]

1. e4 c5 2. Nf3 Nc6 3. d4 cxd4 4. Nxd4 Qb6 5. Nb3 Nf6 6. Nc3 e6 7. Be3 Qc7 8. Nb5 Qb8 9. Bd3 d6 10. f4 a6 11. N5d4 Qc7 12. h3 Be7 13. Qd2 b5 14. c3 Bb7 15. Qc2 Rc8 16. Rc1 Qb8 17. a3 Qa8 18. Nd2 0-0 19. g4 Nd7 20. g5 Nxd4 21. Bxd4 e5 22. Be3 exf4 23. Bxf4 Nc5 24. Be2 Nxe4 25. Rg1 Qa7 26. Rf1 Nxg5 0-1